000 00425nam a2200181Ia 4500
001 14847
005 20260306164944.0
008 260306t2019||||xx |||||||||||||| ||spa||
041 _aESP
082 _a519.5
_bB81
100 _aBrase, Charles Henry
_eAUT
245 0 _aEstadística básica
260 _c2019
300 _avarias paginaciones :
_c27 cm.
650 _aGEN
654 _aCMA
942 _cLIB
_dJUS
_fJUS
_2ddc
_n
999 _c14847
_d14847